Anyone but Richard Nixon Quiz Stats

 Plays Quiz Updated Mar 24, 2018

Challenge
Share
Tweet
Embed
Score 0/38 Timer 04:00
10 Plays Today
% Correct
John F. Kennedy
96.9%
John F. Kennedy
96.9%
John F. Kennedy
96.9%
John F. Kennedy
96.9%
Lyndon B. Johnson
94.5%
Lyndon B. Johnson
94.5%
Lyndon B. Johnson
94.5%
Lyndon B. Johnson
94.5%
Lyndon B. Johnson
94.5%
Andrew Johnson
94.1%
Andrew Johnson
94.1%
George Washington
93.8%
George Washington
93.8%
George Washington
93.8%
Franklin D. Roosevelt
93.5%
Ronald Reagan
93.4%
Ronald Reagan
93.4%
Theodore Roosevelt
91.9%
Abraham Lincoln
89.5%
% Correct
Abraham Lincoln
89.5%
Abraham Lincoln
89.5%
Gerald Ford
88.4%
John Quincy Adams
87.3%
Bill Clinton
83.4%
Dwight D. Eisenhower
80.9%
Thomas Jefferson
80.6%
Harry S. Truman
79.6%
Andrew Jackson
74.9%
James Monroe
72%
Calvin Coolidge
68.1%
William McKinley
66.3%
William H. Harrison
65.4%
Martin Van Buren
64.3%
James Buchanan
64.1%
James Buchanan
64.1%
John Tyler
61.1%
Franklin Pierce
55.1%
Franklin Pierce
55.1%

You're not logged in!

Compare scores with friends on all Sporcle quizzes.
OR
Log In

You Might Also Like...

Show Comments

Extras

Top Quizzes Today


Score Distribution

Your Account Isn't Verified!

In order to create a playlist on Sporcle, you need to verify the email address you used during registration. Go to your Sporcle Settings to finish the process.

Report this User

Report this user for behavior that violates our Community Guidelines.

Details: